| 000 | 00366nam a22001457a 4500 | ||
|---|---|---|---|
| 082 |
_a954.91092 _bPAT |
||
| 100 | _aPataudi, S.A. | ||
| 245 |
_aRamblings of a tiger/ _cS.A. Pataudi, |
||
| 260 |
_aLahore: _bSyed Mobin Mahmud & Co; _c1990. |
||
| 300 | _a195p. | ||
| 563 | _aHB | ||
| 650 |
_aStatesmen _9118566 |
||
| 650 |
_aGenerals _937930 |
||
| 942 |
_2ddc _cBK |
||
| 999 |
_c606774 _d606774 |
||